| 000 | 01197nam a2200241Ia 4500 | ||
|---|---|---|---|
| 003 | OSt | ||
| 005 | 20251017152743.0 | ||
| 008 | 221004b |||||||| |||| 00| 0 hin d | ||
| 020 | _a8126021454 (hbk) | ||
| 037 | _cTB | ||
| 040 |
_aCRL _cCRL _bhin |
||
| 041 |
_2hin _ahin |
||
| 084 |
_aO44vN5 152J9 _qAL |
||
| 100 |
_aसर्वपल्ली राधाकृष्णन् _9848703 |
||
| 245 | 0 |
_aआज का भारतीय साहित्य: _bभारत की सोलह भाषाओं के साहित्य का परिचय/ |
|
| 246 | _aĀj kā bhāratīya sāhitya: bhārat kī solah bhāṣhāoan ke sāhitya kā parichaya | ||
| 260 |
_aनई दिल्ली: _bसाहित्य अकादेमी भारत, _c1959. |
||
| 300 |
_a514पृ0 _ccm. |
||
| 650 |
_aहिन्दी साहित्य _9848704 |
||
| 700 |
_a माचवे, प्रभाकर, अनु. _e(Editor) _9848705 |
||
| 942 |
_hO44vN5, 152J9 _cTB _2cc _n0 |
||
| 999 |
_c1017258 _d1017258 |
||